2024 Grammy Winners - Statistics

General Stats
  • This quiz has been taken 7 times
  • The average score is 5 of 94
Answer Stats
Category Winner % Correct
Record of the Year Flowers – Miley Cyrus
67%
Best Pop Solo Performance Flowers – Miley Cyrus
50%
Best Score Soundtrack Album for Visual Media Oppenheimer – Ludwig Göransson
50%
Best Song Written for Visual Media What Was I Made For? (from Barbie) - Billie Eilish
50%
Album of the Year Midnights – Taylor Swift
33%
Best Pop Vocal Album Midnights – Taylor Swift
33%
Song of the Year What Was I Made For? - Billie Eilish
33%
Best Compilation Soundtrack for Visual Media Barbie the Album – Various Artists
17%
Best Music Video I'm Only Sleeping – The Beatles
17%
Producer of the Year, Non-Classical Jack Antonoff
17%
Songwriter of the Year, Non-Classical Jack Antonoff
17%
Best Music Film Moonage Daydream – David Bowie, Brett Morgen
17%
Best Dance Pop Recording Padam Padam – Kylie Minogue
17%
Best Rock Album This Is Why – Paramore
17%
Best Alternative Music Performance This Is Why – Paramore
17%
Best Children's Album 123 Andrés – We Grow Together Preschool Songs
0%
Best Metal Performance 72 Seasons – Metallica
0%
Best Dance/Electronic Album Actual Life 3 (January 1 – September 9 2022) – Fred Again
0%
Best Orchestral Performance Adès: Dante - Gustavo Dudamel, Los Angeles Philharmonic
0%
Best Melodic Rap Performance All My Life – Lil Durk featuring J. Cole
0%
Best Traditional Blues Album All My Love for You – Bobby Rush
0%
Best Gospel Performance/Song All Things – Kirk Franklin
0%
Best Gospel Album All Things New: Live in Orlando – Tye Tribbett
0%
Best Contemporary Instrumental Album As We Speak – Béla Fleck, Zakir Hussain, Edgar Meyer featuring Rakesh Chaurasia
0%
Best Large Jazz Ensemble Album Basie Swings The Blues – The Count Basie Orchestra directed by Scotty Barnhart
0%
Best Country Album Bell Bottom Country – Lainey Wilson
0%
Best Traditional Pop Vocal Album Bewitched – Laufey
0%
Best Opera Recording Blanchard: Champion - Yannick Nézet-Séguin, Ryan Speedo Green, Latonia Moore, Eric Owens, David Frost, The Metropolitan Opera Orchestra, The Metropolitan Opera Chorus
0%
Best Contemporary Blues Album Blood Harmony – Larkin Poe
0%
Best American Roots Song Cast Iron Skillet – Jason Isbell, Jason Isbell and the 400 Unit)
0%
Best Contemporary Christian Music Album Church Clothes 4 – Lecrae
0%
Best Bluegrass Album City of Gold – Molly Tuttle & Golden Highway
0%
Best Reggae Album Colors of Royal – Julian Marley, Antaeus
0%
Best Engineered Album, Classical Contemporary American ComposersDavid Frost, Charlie Post, Silas Brown, Riccardo Muti, Chicago Symphony Orchestra
0%
Best Americana Performance Dear Insecurity – Brandy Clark featuring Brandi Carlile
0%
Best Roots Gospel Album Echoes of the South – Blind Boys of Alabama
0%
Producer of the Year, Classical Elaine Martone
0%
Best Latin Jazz Album El Arte del Bolero Vol. 2 – Miguel Zenón & Luis Perdomo
0%
Best American Roots Performance Eve Was Black – Allison Russell
0%
Best Arrangement, Instrumental or A Cappella Folsom Prison Blues - Johnny Cash
0%
Best Boxed or Special Limited Edition Package For The Birds: The Birdsong Project
0%
Best Música Mexicana Album (including Tejano) Génesis – Peso Pluma
0%
Best Pop Duo/Group Performance Ghost in the Machine – SZA featuring Phoebe Bridgers
0%
Best Traditional R&B Performance Good Morning – PJ Morton featuring Susan Carol
0%
Best Instrumental Composition Helena's Theme - John Williams
0%
Best Jazz Vocal Album How Love Begins – Nicole Zuraitis
0%
Best Jazz Instrumental Album How Love Begins – Nicole Zuraitis
0%
Best R&B Performance ICU – Coco Jones
0%
Best Arrangement, Instrumental and Vocals In the Wee Small Hours of the Morning - Erin Bentlage, Jacob Collier, Sara Gazarek, Johnaye Kendrick, Amanda Taylor, Säje
0%
Best Country Duo/Group Performance I Remember Everything– Zach Bryan featuring Kacey Musgraves
0%
Best R&B Album Jaguar II – Victoria Monét
0%
Best Engineered Album, Non-Classical Jaguar II - Victoria Monét
0%
Best Folk Album Joni Mitchell at Newport – Joni Mitchell
0%
Best Música Urbana Album1 Mañana Será Bonito – Karol G
0%
Best Rap Album Michael – Killer Mike
0%
Best Contemporary Classical Composition Montgomery: Rounds – Jessie Montgomery, Awadagin Pratt, A Far Cry, Roomful of Teeth
0%
Best Regional Roots Album New Beginnings – Buckwheat Zydeco Jr., The Legendary Ils Sont Partis Band& Live: Orpheum Theater Nola – Lost Bayou Ramblers, Louisiana Philharmonic Orchestra
0%
Best Rock Performance Not Strong Enough – Boygenius
0%
Best Rock Song Not Strong Enough – Julien Baker, Phoebe Bridgers, Lucy Dacus, Boygenius
0%
Best Global Music Performance Pashto – Béla Fleck, Edgar Meyer, Zakir Hussain featuring Rakesh Chaurasia
0%
Best Classical Compendium Passion for Bach and Coltrane - Alex Brown, Harlem Quartet, Imani Winds, Edward Perez, Neal Smith, A.B. Spellman, Silas Brown, Mark Dover
0%
Best Chamber Music/Small Ensemble Performance Rough Magic – Roomful of Teeth
0%
Best Dance/Electronic Recording Rumble – Skrillex, Fred Again & Flowdan
0%
Best Choral Performance Saariaho: Reconnaissance - Nils Schweckendiek, Uusinta Ensemble, Helsinki Chamber Choir
0%
Best Rap Song Scientists & Engineers – Andre Benjamin, Paul Beauregard, James Blake, Michael Render, Tim Moore, Dion Wilson, Killer Mike, André 3000, Future and Eryn Allen Kane
0%
Best Rap Performance Scientists & Engineers – Killer Mike featuring André 3000, Future and Eryn Allen Kane
0%
Best Tropical Latin Album Siembra: 45° Aniversario (En Vivo en el Coliseo de Puerto Rico, 14 de Mayo 2022) – Rubén Blades, Roberto Delgado, Orquesta
0%
Best R&B Song Snooze – Kenny B. Edmonds, Blair Ferguson, Khris Riddick-Tynes, Solána Rowe, Leon Thomas, SZA
0%
Best Musical Theatre Album Some Like It Hot – Christian Borle, J. Harrison Ghee, Adrianna Hicks & NaTasha Yvette Williams, principal vocalists; Mary-Mitchell Campbell, Bryan Carter, Scott M. Riesett, Charlie Rosen & Marc Shaiman, producers; Scott Wittman, lyricist; Marc Shaiman, composer & lyricist (Original Broadway Cast)
0%
Best New Age, Ambient or Chant Album So She Howls – Carla Patullo featuring Tonality and the Scorchio Quartet
0%
Best Progressive R&B Album SOS – SZA
0%
Best Score Soundtrack for Video Games and Other Interactive Media Star Wars Jedi: Survivor – Stephen Barton and Gordy Haab
0%
Best Recording Package Stumpwork
0%
Best Classical Instrumental Solo The American Project – Yuja Wang, Teddy Abrams, Louisville Orchestra
0%
Best Immersive Audio Album The Diary of Alicia Keys
0%
Best Spoken Word Poetry Album The Light Inside – J. Ivy
0%
Best Audio Book, Narration & Storytelling Recording The Light We Carry: Overcoming in Uncertain Times – Michelle Obama
0%
Best Alternative Jazz Album The Omnichord Real Book – Meshell Ndegeocello
0%
Best Alternative Music Album The Record – Boygenius
0%
Best Global Music Album This Moment – Shakti
0%
Best Jazz Performance Tight – Samara Joy
0%
Best New Artist Victoria Monét
0%
Best Latin Rock or Alternative Album Vida Cotidiana – Juanes&
De Todas las Flores – Natalia Lafourcade
0%
Best Remixed Recording, Non-Classical Wagging Tongue (Wet Leg Remix)
0%
Best Classical Vocal Solo Walking in the Dark - Julia Bullock, Christian Reif, Philharmonia Orchestra
0%
Best African Music Performance Water – Tyla
0%
Best Americana Album Weathervanes – Jason Isbell and the 400 Unit
0%
Best Comedy Album What's In a Name? – Dave Chappelle
0%
Best Country Solo Perfroamce White Horse – Chris Stapleton
0%
Best Country Song White Horse – Chris Stapleton & Dan Wilson, songwriters (Chris Stapleton)
0%
Best Historical Album Written in Their Soul: The Stax Songwriter Demos
0%
Best Album Notes Written in Their Soul: The Stax Songwriter Demos
0%
Best Latin Pop Album X Mí (Vol. 1) – Gaby Moreno
0%
Best Contemporary Christian Music Performance/Song Your Power – Lecrae, Tasha Cobbs Leonard
0%
No matching quizzes found
Score Distribution
Percent of People with Each Score
Percentile by Number Answered
Your Score History
You have not taken this quiz